| 000 | 00400nam a2200133Ia 4500 | ||
|---|---|---|---|
| 008 | 191129s9999 xx 000 0 und d | ||
| 020 | _a4806523177542 | ||
| 100 | _aTan, Chinkee | ||
| 245 |
_cChinkee Tan _aMy utang-free diary: _bmaging utang-free para sa buhay na stress-free/ |
||
| 260 |
_aManila: _bCSM Publishing _c2019 |
||
| 300 |
_a96 p. ; _c18 cm. |
||
| 650 | _aFinancial | ||
| 650 | _aInvestments | ||
| 999 |
_c362773 _d362773 |
||